000 01058cam a2200301 i 4500
001 18794479
003 ARRUPE
005 20161028114137.0
008 150924s2016 nyu b 001 0 eng
010 _a 2015037326
020 _a9780199781867 (pbk. : alk. paper)
020 _a9780199781874 (hardcover : alk. paper)
040 _aDLC
_beng
_cDLC
_erda
_dDLC
042 _apcc
050 0 0 _aBD411
_b.E84 2016
082 0 0 _a115
_223
245 0 0 _aEternity :
_ba history /
_cedited by Yitzhak Y. Melamed.
260 _aNew York
_bOxford University Press
_c2016
300 _axvi, 327 pages ;
_c23 cm
490 0 _aOxford philosophical concepts series
504 _aIncludes bibliographical references (pages 301-322) and index.
650 0 _aInfinite.
_915420
650 0 _aEternity.
_927135
700 1 _aMelamed, Yitzhak Y.,
_d1968-
_eeditor.
_927136
906 _a7
_bcbc
_corignew
_d1
_eecip
_f20
_gy-gencatlg
942 _2lcc
_cMONOGRAPH
999 _c125621
_d125621